Statistics for Name a Valid Country by Currency

Click here to take the quiz!

General Stats

  • This quiz has been taken 55,724 times
    (22,852 since last reset)
  • The average score is 16 of 25

Answer Stats

Currency#Countries% Correct
Dollar32United States | Canada | Australia | etc...
100%
Euro16France | Germany | Italy | etc...
98%
Peso8Mexico | Philippines | Argentina | etc...
96%
Pound6United Kingdom | Egypt | Syria | etc...
96%
Rupee6India | Pakistan | Sri Lanka | etc...
93%
Franc22Switzerland | D. R. Congo | Senegal | etc...
86%
Yen1Japan
85%
Ruble2Belarus | Russia
81%
Krona /
Krone
4Sweden | Norway | Denmark | Iceland
78%
Yuan1China
74%
Won2South Korea | North Korea
72%
Dinar8Algeria | Iraq | Serbia | etc...
65%
Złoty1Poland
63%
Baht1Thailand
57%
Dong1Vietnam
56%
Riyal2Qatar | Saudi Arabia
55%
Lira1Turkey
55%
Shekel1Israel
52%
Bolívar1Venezuela
52%
Rand1South Africa
46%
Bitcoin1El Salvador
43%
Real1Brazil
42%
Shilling4Kenya | Somalia | Tanzania | Uganda
40%
Rupiah1Indonesia
31%
Gold1Zimbabwe
17%

Score Distribution

Percentile by Number Answered

Percent of People with Each Score

Your Score History

You have not taken this quiz since the last reset